000 00903nas a2200289 4500
001 BR2014001834
003 BR-BrBNA
005 20231205123823.0
007 ta
008 230509b bl.|||p| |||| 00| 00por d
040 _aBR-BrBNA
_bpor
_cBiblioteca Nacional de Agricultura
041 _a(Pt)
072 _aQ03
100 1 _aMiyagusku, L.
100 1 _aYamada, E.A.
245 1 _aOcorrência de Salmonella sp, Listeria monocytogenes e Campylobacter jejuni em carne de frango crua
650 _aSALMONELLA
650 _aLISTERIA MONOCYTOGENES
650 _aCARNE
650 _aANÁLISE MICROBIOLÓGICA
650 _aPESQUISA
650 _aHIGIENE DE ALIMENTO
650 _aCONTAMINAÇÃO BACTERIANA
773 0 _tRevista Nacional da Carne (Brazil)
_xISSN 1413-4837
_g(Jul 2008), v. 32(377) p. 149-152
_wBR2014001834
909 _a202311
_bLúcia
_c55
_dLúcia Elande
942 _2AGRIS
_n0
_cANA
999 _c235872
_d235872